Znasz dobrze hymn Polski? - Statystyki

Ogólne statystyki
  • Ten quiz został rozwiązany 188 razy
  • Średni wynik to 8 z 9
Statystyki odpowiedzi
Fragment Dokończenie % Poprawnych
Za twoim przewodem złączym się z..... narodem
99%
Dał nam przykład ...., jak zwyciężać mamy Bonaparte
98%
Co nam obca przemoc wzięła, ..... odbierzemy. szablą
97%
Jeszcze .... nie zginęła, kiedy my żyjemy. Polska
96%
Marsz, marsz Dąbrowski, z ziemi .... do Polski. włoskiej
96%
Przejdziem Wisłę, przejdziem ...., będziem Polakami Wartę
95%
Już tam ojciec do swej .... mówi zapłakany Basi
94%
Słuchaj jeno, pono nasi biją w ..... tarabany
92%
Jak ...... do Poznania po szwedzkim zaborze, Czarniecki
82%
Nie znaleziono quizów pasujących do podanych kryteriów
Rozkład punktacji
Procent ludzi z każdym wynikiem
Percentyl według liczby udzielonych odpowiedzi
Twoja historia wyników
Nie rozwiązałeś tego quizu